Random Perturbations of Dynamical Systems
Αποθηκεύτηκε σε:
| Κύριος συγγραφέας: | |
|---|---|
| Άλλοι συγγραφείς: | |
| Μορφή: | Βιβλίο |
| Γλώσσα: | English |
| Δημοσίευση: |
New York :
Springer-Verlag,
1984
|
| Σειρά: | Grundlehren der mathematischen wissenschaften ;
; 260 |
| Θέματα: | |
| Ετικέτες: |
Προσθήκη ετικέτας
Δεν υπάρχουν, Καταχωρήστε ετικέτα πρώτοι!
|
MARC
| LEADER | 00000nam a2200000 i 4500 | ||
|---|---|---|---|
| 001 | 1/28228 | ||
| 008 | 960527s1984 eng d | ||
| 020 | |a 0-387-90858-7 | ||
| 035 | |a 1995 |l 10038023 | ||
| 040 | |a GR-MY-UA |b gre |e aacr | ||
| 041 | 0 | |a eng | |
| 082 | 0 | |a 519.2 | |
| 100 | 1 | |a Freidlin, M. I. |q (Mark Iosifovich) | |
| 245 | 1 | 0 | |a Random Perturbations of Dynamical Systems / |c M.I. Freidlin, A.D. Wentzell ; Translated by Joseph Szucs |
| 260 | |a New York : |b Springer-Verlag, |c 1984 | ||
| 300 | |a 326 p.; |c 24 cm. | ||
| 490 | 1 | |a Grundlehren der mathematischen Wissenschaften |v ; 260 | |
| 500 | |a Includes bibliographical references and index | ||
| 650 | 0 | 0 | |a Stochastic processes. |
| 650 | 0 | 0 | |a Perturbation (Mathematics) |
| 700 | 1 | |a Wentzell, Alexander D. | |
| 830 | 0 | |a Grundlehren der mathematischen wissenschaften ; |v ; 260 | |
| 852 | |a INST |b SAMOS |e 19960527 |h 519.2 FRE |p 005300005107 |q 005300005107 |t BK |y 0 | ||
| 909 | |a Σ |b 039261 | ||